Návrh technológie na výrobu destilátu z hroznových výliskov bakalárska práca

Saved in:
Bibliographic Details
Main Author: Štefanková, Zuzana
Format: Book
Language:Slovak
Published: Bratislava STU FCHPT 2016
Online Access:View in OPAC
Tags: Add Tag
No Tags, Be the first to tag this record!

MARC

LEADER 00000nam a2200000 a 4500
005 20260127134122.0
008 161003 2016 000 0 slo d
035 |a vtls011583421 
039 9 |y 201610031005  |z mschk03 
040 |a STUSCHK1  |b slo  |c STUSCHK1  |e AACR2 
100 1 |a Štefanková, Zuzana 
245 1 |a Návrh technológie na výrobu destilátu z hroznových výliskov  |b bakalárska práca  |c Zuzana Štefanková 
260 |a Bratislava  |b STU FCHPT  |c 2016 
300 |a 55 s.  |b il.  |c 25 cm 
500 |a Študijný program: chemické inžinierstvo 
500 |a Študijný odbor: chemické inžinierstvo 
500 |a Školiace pracovisko: Odd. chemického a biochemického inžinierstva 
500 |a Evid. číslo: FCHPT-5431-65213 
910 |a SCHK95 
999 |c 4502  |d 4502